| 000 | 01826nam a22003497a 4500 | ||
|---|---|---|---|
| 005 | 20240530110347.0 | ||
| 008 | 141210s2004 ua d gr bm 000 0 ara d | ||
| 017 |
_a6534 _bمصر . دار الكتب المصرية |
||
| 040 | _aEG-CaGPL | ||
| 041 | 0 | _aara | |
| 082 | 0 | 4 |
_221 _a020.05\ _bم إ |
| 110 | 2 |
_aالمكتبة الاكاديمية _eناشر |
|
| 245 | 1 | 2 |
_aالاتجاهات الحيديثة فى المكتبات و المعلومات : _bكتاب دورى محكم يصدر مؤقتا مرتين فى السنة / _cرئيس التحرير محمد فتحى عبد الهادى ؛ لجنة التحرير هشام عبدالله عباس ... [ واخ ] ؛ سكرتير التحرير محمد سالم غنيم _nالمجلد الحادى عشر ، العدد الثانى والعشرين ( يوليو 2004 ) |
| 260 |
_aالقاهرة : _bالمكتبة الاكاديمية ، _c2004 |
||
| 300 |
_a300ص ؛ _c26 سم |
||
| 504 | _aببليوجرافية : ص 259 - 300 | ||
| 650 | 0 | 4 |
_aالمكتبات _xعلم |
| 650 | 0 | 4 | _aالخدمة المكتبية |
| 650 | 0 | 4 | _aشبكات المكتبات والمعلومات |
| 650 | 0 | 4 |
_aالمكتبات _xبرامج الحاسبات |
| 650 | 0 | 4 |
_aالمعلومات _xعلم |
| 650 | 0 | 4 |
_aالمكتبات _xفهارس |
| 650 | 0 | 4 | _aنظم المعلومات |
| 700 | 0 |
_aمحمد فتحى عبد الهادى _eرئيس التحرير |
|
| 700 | 0 |
_aهشام عبدالله عباس _eمحرر مشارك |
|
| 700 | 0 |
_aالسيد احمد حسب الله _eمحرر مشارك |
|
| 700 | 0 |
_aاسامة السيد محمود _eمحرر مشارك |
|
| 700 | 0 |
_aابراهيم البندارى _eمحرر مشارك |
|
| 700 | 0 |
_aمحمد سالم غنيم _eمحرر مشارك |
|
| 942 |
_2ddc _cBK |
||
| 999 |
_c59995 _d59995 |
||